Softening

This is a science document about the water treatment without waste material of the Dutch experiences with pellet reactors.

Đã lưu trong:
書目詳細資料
主要作者: Dijk, J. C. van
格式: 圖書
語言:Undetermined
出版: Netherlands TU Delft, Faculty of Civil Engineering 1993
主題:
標簽: 添加標簽
沒有標簽, 成為第一個標記此記錄!
Thư viện lưu trữ: Trung tâm Học liệu Trường Đại học Cần Thơ
LEADER 00651nam a2200193Ia 4500
001 CTU_15722
008 210402s9999 xx 000 0 und d
082 |a 628.358 
082 |b D575 
100 |a Dijk, J. C. van 
245 0 |a Softening 
245 0 |c J. C. van Dijk 
260 |a Netherlands 
260 |b TU Delft, Faculty of Civil Engineering 
260 |c 1993 
520 |a This is a science document about the water treatment without waste material of the Dutch experiences with pellet reactors. 
650 |a Water supply 
904 |i Nguyễn Quang Điền, Trọng Hiếu 
980 |a Trung tâm Học liệu Trường Đại học Cần Thơ